000
00343 a2200157 4500
001
194612
020
_a
978-85-08-14872-1
040
_c
Magnum
100
_a
Azevedo, Álvares de
240
1
0
_a
Noite na taverna
_l
por
245
1
0
_a
Noite na taverna
300
_a
96
362
0
_a
2011
697
_a
LITERATURA INFANTO-JUVENIL
942
_c
BK
999
_c
194612
_d
194612